00967nam a2200241 i 450000100060000000300090000600500170001500700030003200800410003502000180007611100860009424501080018026001220028830000220041049000340043249000720046650000120053850400200055070000290057083000340059983000720063385200200070550934ES-MaACL20230906162249.0t|030807s1987 sp ||||1| spa d a84-7498-288-X2 aCurso Internacional de Riego Localizado (n1º. d1980. cSanta Cruz de Tenerife)13aEl riego localizado b: Curso Internacional de Riego Localizado /cJ.M. Hernández Abreu ... [et al.]. aMadrid : bMinisterio de Agricultura, Pesca y Alimentación, Instituto Nacional de Investigaciones Agrarias, c1987. a317 p. ; c24 cm.1 aMonografías I.N.I.A. ; v621 aPublicaciones del Ministerio de Agricultura, Pesca y Alimentación aIndice. aBibliografía.1 aHernández Abreu, J. M.0 aMonografías I.N.I.A. ; v620 aPublicaciones del Ministerio de Agricultura, Pesca y Alimentación aES-MaACLjB-983